Widok standardowy
Widok MARC
Pozycja Personal Name
Liczba rekordów, w których użyto hasła: 1
001 - Numer kontrolny
- control field: 40396
003 - Identyfikator numeru kontrolnego
- control field: NUKAT
005 - Data i czas ostatniej modyfikacji
- control field: 20260422121618.0
008 - Dane kontrolne kodowane (40 znaków)
- fixed length control field: 170710n||a|znnaabn |a aaa |c
010 ## - Numer kontrolny Biblioteki Kongresu
- numer kontrolny LC: n 2017010787
040 ## - Instytucja sporządzająca rekord
- inst. przygot. dane do rek. khw: Ł U/AC
- język haseł przedmiotowych/tezaurus: kaba
- inst. wprow. rek. khw: Ł U/AC
100 1# - Hasło - nazwa osobowa
- nazwa osobowa w formie ujednoliconej: Dudaniec, Małgorzata.
670 ## - Źródło informacji
- źródło informacji: Postać i nauczanie świętego Jana Pawła II / Małgorzata Dudaniec. - Olsztyn, 2017.
670 ## - Źródło informacji
- źródło informacji: BNPol online